Analysing the Relevance and Predictive Power of the MIP Scoreboard's Indicators Working Paper on the MIP Scoreboard : FIRSTRUN Deliverable 2.5
Uložené v:
| Hlavný autor: | |
|---|---|
| Ďalší autori: | , , |
| Médium: | Kniha |
| Jazyk: | English |
| Vydavateľské údaje: |
[Bratislava]
2017
|
| Vydanie: | 1st Edition |
| Predmet: | |
| Tagy: |
Žiadne tagy, Buďte prvý, kto otaguje tento záznam!
|
MARC
| LEADER | 00000nlm a2200000 4500 | ||
|---|---|---|---|
| 001 | 0246340 | ||
| 005 | 20240513141149.1 | ||
| 041 | 0 | |a eng | |
| 044 | |a SK | ||
| 245 | 1 | 0 | |a Analysing the Relevance and Predictive Power of the MIP Scoreboard's Indicators |b Working Paper on the MIP Scoreboard : FIRSTRUN Deliverable 2.5 |c Tomáš Domonkos, Filip Ostrihoň, Ivana Šikulová, Mária Širaňová |
| 250 | |a 1st Edition | ||
| 264 | 1 | |a [Bratislava] |c 2017 | |
| 300 | |a online 202 s. [200 NS] | ||
| 610 | 2 | 0 | |a analýzy |
| 610 | 2 | 0 | |a modely |
| 610 | 2 | 0 | |a modelovanie |
| 610 | 2 | 0 | |a kríza hospodárska |
| 610 | 2 | 0 | |a predvídanie |
| 610 | 2 | 0 | |a dáta |
| 610 | 2 | 0 | |a analýza štatistická |
| 100 | 1 | |a Domonkos, Tomáš | |
| 700 | 1 | |a Ostrihoň, Filip | |
| 700 | 1 | |a Šikulová, Ivana | |
| 700 | 1 | |a Širaňová, Mária | |